Supremo interesse a evoluȯ̂ do processo de escolha dos ministros do STF /

Bibliographic Details
Main Author: Palma de Jorge, ℓlvaro
Format: eBook
Language:Portuguese
Published: Rio de Janeiro: FGV - Direito Rio, 2020
Subjects:
Online Access:Acceso restringido

MARC

LEADER 00000nam a22000007a 4500
005 20200921211710.0
007 cr|||| ||||
008 200921s2020 br |||||s|||| 00||0 por d
020 |a 978-65-86214-02-4 
035 |a 32076 
040 |a vLex 
090 |c 10733  |d 10733 
100 1 |a Palma de Jorge, ℓlvaro 
245 1 0 |a Supremo interesse  |h [Recurso electrn̤ico] :  |b a evoluȯ̂ do processo de escolha dos ministros do STF /  |c ℓlvaro Palma de Jorge 
256 |a Servicio en ln̕ea 
260 |a Rio de Janeiro:  |b FGV - Direito Rio,  |c 2020 
300 |a 1 recurso electrn̤ico 
506 1 |a Disponible solo en los productos indicados  |d vLex Global  |d vLex Global (Academic Edition, excluding Law Schools)  |d vLex Global (U.S. Academic Edition, Law Schools)  |d vLex Global (U.S. Academic Edition, excluding Law Schools)  |d vLex Global (Academic Edition, Law Schools) 
650 0 4 |a Derecho Constitucional  |z Brasil 
740 0 |a vLex Libros (Servicio en ln̕ea) 
856 4 0 |u http://vlex.com/source/supremo-interesse-evolu-o-processo-escolha-ministros-stf-32076  |z Acceso restringido 
942 |c BOOK 
999 0 |a Constitutional right